|
|
|
|
| LEADER |
02662nam a22003973i 4500 |
| 001 |
EBC5511091 |
| 003 |
MiAaPQ |
| 005 |
20231204023214.0 |
| 006 |
m o d | |
| 007 |
cr cnu|||||||| |
| 008 |
231204s2018 xx o ||||0 ger d |
| 020 |
|
|
|a 9783110570557
|q (electronic bk.)
|
| 020 |
|
|
|z 9783110567632
|
| 035 |
|
|
|a (MiAaPQ)EBC5511091
|
| 035 |
|
|
|a (Au-PeEL)EBL5511091
|
| 035 |
|
|
|a (OCoLC)1328137303
|
| 040 |
|
|
|a MiAaPQ
|b eng
|e rda
|e pn
|c MiAaPQ
|d MiAaPQ
|
| 100 |
1 |
|
|a Pierenkemper, Toni.
|
| 245 |
1 |
0 |
|a Wirtschaft und Wirtschaftspolitik in Deutschland :
|b 75 Jahre RWI - Leibniz-Institut Für Wirtschaftsforschung E. V. 1943-2018.
|
| 250 |
|
|
|a 1st ed.
|
| 264 |
|
1 |
|a Berlin/München/Boston :
|b Walter de Gruyter GmbH,
|c 2018.
|
| 264 |
|
4 |
|c {copy}2018.
|
| 300 |
|
|
|a 1 online resource (488 pages)
|
| 336 |
|
|
|a text
|b txt
|2 rdacontent
|
| 337 |
|
|
|a computer
|b c
|2 rdamedia
|
| 338 |
|
|
|a online resource
|b cr
|2 rdacarrier
|
| 490 |
1 |
|
|a Jahrbuch Für Wirtschaftsgeschichte. Beihefte Series ;
|v v.22
|
| 505 |
0 |
|
|a Intro -- Grußwort -- Inhalt -- Vorbemerkungen -- Teil I: Rainer Fremdling: Vorgeschichte und Gründung des Rheinisch-Westfälischen Instituts für Wirtschaftsforschung (RWI) 1926-1945 -- 1. Die Abteilung Westen des Instituts für Konjunkturforschung (IfK) in der Zwischenkriegszeit 1924-1938 -- 2. Ausstattung und Verselbständigung der Abteilung Westen 1926-1945 -- 3. Das RWI in der Kriegswirtschaft -- Teil II: Toni Pierenkemper: Neubegründung und Weiterentwicklung des Rheinisch-Westfälischen Instituts für Wirtschaftsforschung (RWI) 1945-2018 -- 4. In der Zusammenbruchsgesellschaft (1945-1952) -- 5. Der große Boom (1952-1974) -- 6. Krisenzeiten (1974-1989) -- 7. Ins neue Jahrtausend (1989-2018) -- Rückschau 2018: „Auferstanden aus Ruinen … und der Zukunft zugewandt" -- Anhang: Aufbau und Themen der Konjunkturberichte -- Archiv- und Literaturverzeichnis -- Personenregister -- Sachregister.
|
| 588 |
|
|
|a Description based on publisher supplied metadata and other sources.
|
| 590 |
|
|
|a Electronic reproduction. Ann Arbor, Michigan : ProQuest Ebook Central, 2023. Available via World Wide Web. Access may be limited to ProQuest Ebook Central affiliated libraries.
|
| 655 |
|
4 |
|a Electronic books.
|
| 700 |
1 |
|
|a Fremdling, Rainer.
|
| 776 |
0 |
8 |
|i Print version:
|a Pierenkemper, Toni
|t Wirtschaft und Wirtschaftspolitik in Deutschland
|d Berlin/München/Boston : Walter de Gruyter GmbH,c2018
|z 9783110567632
|
| 797 |
2 |
|
|a ProQuest (Firm)
|
| 830 |
|
0 |
|a Jahrbuch Für Wirtschaftsgeschichte. Beihefte Series
|
| 856 |
4 |
0 |
|u https://ebookcentral.proquest.com/lib/matrademy/detail.action?docID=5511091
|z Click to View
|